El sistema de recursos en el proceso laboral chileno
Saved in:
| Main Author: | |
|---|---|
| Format: | Book |
| Language: | Spanish |
| Published: |
Santiago
Legal Publishing
2011
|
| Edition: | 1a. ed |
| Subjects: | |
| Tags: |
Add Tag
No Tags, Be the first to tag this record!
|
MARC
| LEADER | 00000nam a2200000 a 4500 | ||
|---|---|---|---|
| 001 | UCG6972 | ||
| 003 | CL-VaPUC | ||
| 008 | 110609e20110400CL |||||||||||||||||spa|d | ||
| 020 | |a 9789562389891 | ||
| 082 | 0 | 4 | |a 344.8301 |b LAN |2 21 |
| 100 | |a Lanata Fuenzalida, Gabriela |e autora |9 598877 | ||
| 245 | 1 | 3 | |a El sistema de recursos en el proceso laboral chileno |
| 250 | |a 1a. ed | ||
| 300 | |a 298 p | ||
| 942 | |c BK | ||
| 945 | |d 20110609 00:00:00 |a dcastane | ||
| 260 | |a Santiago |b Legal Publishing |c 2011 | ||
| 650 | 7 | |a DERECHO LABORAL |2 CL-VaPUC |9 15 | |
| 650 | 7 | |a JUZGADOS DEL TRABAJO |2 CL-VaPUC |9 255072 | |
| 650 | 0 | |a Derecho y legislación |9 255077 | |
| 650 | 0 | |a Contratos de trabajo |9 254966 | |
| 650 | 7 | |a REFORMA PROCESAL CHILENA |2 CL-VaPUC |9 520637 | |
| 583 | |a last modification |c 20170803 12:49:05 |k Rodrigo Vera | ||
| 999 | |c 345079 |d 345077 | ||
| 952 | |0 0 |1 0 |4 0 |6 344_830100000000000_LAN_2011 |7 0 |8 A |9 443527 |a BIBDER |b BIBDER |d 2019-11-22 |i 4782992 |l 7 |m 2 |o 344.8301 LAN 2011 |p 4782992 |r 2023-06-16 |s 2023-06-16 |w 2019-11-22 |y BK |k DER | ||